Study on unorganised labour market in Assam: with special reference to migrant labour population (Record no. 21871)
[ view plain ]
| 000 -LEADER | |
|---|---|
| fixed length control field | 00552nam a2200157Ia 4500 |
| 082 ## - DEWEY DECIMAL CLASSIFICATION NUMBER | |
| Classification number | RB.0256 |
| 100 ## - MAIN ENTRY--AUTHOR NAME | |
| Personal name | Barua, Nayan |
| 245 #0 - TITLE STATEMENT | |
| Title | Study on unorganised labour market in Assam: with special reference to migrant labour population |
| Sub Title | : |
| 260 ## - PUBLICATION, DISTRIBUTION, ETC. (IMPRINT) | |
| Year of publication | 2011 |
| Name of publisher | Indian Council of Social Science Research, New Delhi |
| 300 ## - PHYSICAL DESCRIPTION | |
| Number of Pages | 125 |
| 504 ## - BIBLIOGRAPHY, ETC. NOTE | |
| Bibliography, etc | includes bibliography |
| 650 ## - SUBJECT ADDED ENTRY--TOPICAL TERM | |
| Topical Term | Labor market |
| Geographic subdivision | India |
| -- | Assam |
| 650 ## - SUBJECT ADDED ENTRY--TOPICAL TERM | |
| Topical Term | Migrant labor |
| Form subdivision | Social conditions |
| Geographic subdivision | India |
| -- | Assam |
| 650 ## - SUBJECT ADDED ENTRY--TOPICAL TERM | |
| Topical Term | Migrant labor |
| Form subdivision | Economic conditions |
| Geographic subdivision | India |
| -- | Assam |
| 942 ## - ADDED ENTRY ELEMENTS (KOHA) | |
| Koha item type | Research Reports |
| Source of classification or shelving scheme | Dewey Decimal Classification |
| Withdrawn status | Lost status | Damaged status | Not for loan | Collection code | Home library | Current library | Date acquired | Source of acquisition | Bill Date | Full call number | Accession Number | Price effective from | Koha item type |
|---|---|---|---|---|---|---|---|---|---|---|---|---|---|
| Not For Loan | ICSSR Research Project Reports | NASSDOC Library | NASSDOC Library | 19/01/2013 | Gifted by : NERP Division, ICSSR | 2012-12-21 | RB.0256 | 47949 | 18/04/2019 | Research Reports |
